| 000 | 00481nam a2200169 i 4500 | ||
|---|---|---|---|
| 001 | 83239 | ||
| 003 | ES-MaACL | ||
| 005 | 20250920063048.0 | ||
| 007 | t| | ||
| 008 | 041116s1952 sp ||||1| spa d | ||
| 100 | 1 |
_aInsúa, Alberto, _d1885-1963 _965346 |
|
| 245 | 1 | 0 |
_aHumo, dolor, placer / _cAlberto Insúa. |
| 260 |
_aMadrid : _bTesoro, _c[1952] ( _fJulio San Martín) |
||
| 300 |
_a282 p. ; _c19 cm. |
||
| 852 |
_aES-MaACL _jC-9708 _bR.36688 |
||
| 999 |
_c83239 _d83239 |
||